Asia Sudden Death On a Map - Statistics

General Stats
  • This quiz has been taken 105 times
  • The average score is 31 of 48
Answers on the Map
Answers color-coded by a green-red scale on the quiz's map according to % correct below.
 
Answer Stats
Answer % Correct
China
94%
Mongolia
88%
Japan
86%
North Korea
86%
South Korea
85%
Indonesia
81%
Taiwan
78%
Philippines
76%
India
75%
Sri Lanka
75%
Singapore
74%
Vietnam
74%
Nepal
72%
Laos
71%
Malaysia
71%
Maldives
71%
Myanmar
71%
Pakistan
71%
Bangladesh
69%
Bhutan
69%
Cambodia
69%
East Timor
69%
Saudi Arabia
69%
Brunei
68%
Thailand
67%
Iraq
64%
Afghanistan
63%
Iran
63%
Oman
60%
United Arab
Emirates
60%
Israel
57%
Kuwait
57%
Yemen
57%
Jordan
56%
Lebanon
56%
Qatar
56%
Syria
56%
Turkey
56%
Cyprus
54%
Kazakhstan
54%
Bahrain
53%
Azerbaijan
51%
Georgia
51%
Tajikistan
51%
Armenia
50%
Kyrgyzstan
50%
Turkmenistan
49%
Uzbekistan
49%
No matching quizzes found
Score Distribution
Percent of People with Each Score
Percentile by Number Answered
Your Score History
You have not taken this quiz